<?xml version="1.0" encoding="UTF-8"?>
<record
    xmlns:xsi="http://www.w3.org/2001/XMLSchema-instance"
    xsi:schemaLocation="http://www.loc.gov/MARC21/slim http://www.loc.gov/standards/marcxml/schema/MARC21slim.xsd"
    xmlns="http://www.loc.gov/MARC21/slim">

  <leader>00882nam a2200193   4500</leader>
  <controlfield tag="003">LK-CoMWRAF</controlfield>
  <controlfield tag="005">20231214093409.0</controlfield>
  <controlfield tag="008">231214b        |||||||| |||| 00| 0 eng d</controlfield>
  <datafield tag="020" ind1=" " ind2=" ">
    <subfield code="a">9789555065603</subfield>
  </datafield>
  <datafield tag="040" ind1=" " ind2=" ">
    <subfield code="a">LK-CoMWRAF</subfield>
    <subfield code="d">LK-CoMWRAF</subfield>
    <subfield code="e">LK-CoMWRAF</subfield>
  </datafield>
  <datafield tag="041" ind1=" " ind2=" ">
    <subfield code="a">sin</subfield>
  </datafield>
  <datafield tag="082" ind1=" " ind2=" ">
    <subfield code="a">615.82</subfield>
    <subfield code="b">RAT</subfield>
  </datafield>
  <datafield tag="100" ind1=" " ind2=" ">
    <subfield code="a">&#xDBB;&#xDAD;&#xDCA;&#xDB1;&#xDCF;&#xDBA;&#xD9A;, &#xD92;. &#xD91;&#xDBD;&#xDCA;. &#xDA9;&#xDD3;.</subfield>
  </datafield>
  <datafield tag="245" ind1=" " ind2=" ">
    <subfield code="a">&#xD86;&#xDAD;&#xDBB;&#xDBA;&#xDD2;&#xDA7;&#xDD3;&#xDC3;&#xDCA; &#xDB1;&#xDDC;&#xDC0;&#xDB1; &#xDAF;&#xDAB;&#xDC4;&#xDD2;&#xDC3;&#xDCA; &#xDC0;&#xDDA;&#xDAF;&#xDB1;&#xDCF;&#xDC0; &#xDC4;&#xDCF; &#xD92; &#xDB1;&#xDD2;&#xDC3;&#xDCF; &#xD87;&#xDAD;&#xDD2; &#xDC0;&#xDB1; &#xD9A;&#xDDC;&#xDB1;&#xDCA;&#xDAF;&#xDDA; &#xD86;&#xDB6;&#xDCF;&#xDB0; &#xDC3;&#xDC4; &#xDB6;&#xDD9;&#xDBD;&#xDCA;&#xDBD;&#xDDA; &#xD86;&#xDB6;&#xDCF;&#xDB0;</subfield>
  </datafield>
  <datafield tag="246" ind1=" " ind2=" ">
    <subfield code="a">Atharitees nowana danahis weedanawa ha anisa athiwana konde abadha saha bellee abadha </subfield>
  </datafield>
  <datafield tag="260" ind1=" " ind2=" ">
    <subfield code="a">&#xDB1;&#xDD4;&#xD9C;&#xDDA;&#xD9C;&#xDDC;&#xDA9; : </subfield>
    <subfield code="b">&#xDC3;&#xDD3;/&#xDC3; &#xDAF;&#xDD3;&#xDB4;&#xDCF;&#xDB1;&#xDD2; &#xDB4;&#xDCA;&#x200D;&#xDBB;&#x200D;&#xD9A;&#xDCF;&#xDC1;&#xDB1; (&#xDB4;&#xDDE;&#xDAF;&#xDCA;&#xD9C;&#xDBD;&#xDD2;&#xD9A;) &#xDC3;&#xDB8;&#xDCF;&#xD9C;&#xDB8;</subfield>
    <subfield code="c">2007</subfield>
  </datafield>
  <datafield tag="650" ind1=" " ind2=" ">
    <subfield code="a">&#xDAF;&#xDAB;&#xDC4;&#xDD2;&#xDC3;&#xDCA; &#xDC0;&#xDDA;&#xDAF;&#xDB1;&#xDCF;&#xDC0;</subfield>
  </datafield>
  <datafield tag="942" ind1=" " ind2=" ">
    <subfield code="c">BK</subfield>
  </datafield>
  <datafield tag="952" ind1=" " ind2=" ">
    <subfield code="0">0</subfield>
    <subfield code="1">0</subfield>
    <subfield code="4">0</subfield>
    <subfield code="7">0</subfield>
    <subfield code="a">MAIN</subfield>
    <subfield code="b">MAIN</subfield>
    <subfield code="d">2023-12-14</subfield>
    <subfield code="l">0</subfield>
    <subfield code="o">615.82 RAT</subfield>
    <subfield code="p">RAF4822</subfield>
    <subfield code="r">2023-12-14</subfield>
    <subfield code="w">2023-12-14</subfield>
    <subfield code="y">BK</subfield>
  </datafield>
  <datafield tag="999" ind1=" " ind2=" ">
    <subfield code="c">4440</subfield>
    <subfield code="d">4440</subfield>
  </datafield>
</record>
